| 000 | 00375nam a22001457a 4500 | ||
|---|---|---|---|
| 020 | _a8170354544 | ||
| 082 |
_a631.56 _bGOE/PO |
||
| 245 | _aPostharvest Management and Value Addition | ||
| 260 |
_aDelhi _bDaya Publishing House _c2007 |
||
| 300 | _a317 | ||
| 700 |
_aGoel,Ashwani K _91142 |
||
| 700 |
_aRajinder Kumar _91143 |
||
| 700 |
_aMann,Satwinder S. _91144 |
||
| 942 | _cBK | ||
| 999 |
_c14654 _d14654 |
||